000 00365nam a2200121Ia 4500
008 220204s9999 xx 000 0 und d
020 _a8176354496
082 _a070(540)
_bJEF
100 _aJeffrey, Robin
245 0 _aIndiayile pathra viplavam: Muthalalitham, raashtriyam, bharathiya bhasha pathrangal, 1977-99
260 _aTrivandrum
_bKerala
_c2004
942 _cBK
999 _c42452
_d42452